| 000 | 00961nam a22003137a 4500 | ||
|---|---|---|---|
| 001 | 5893 | ||
| 003 | FISKH | ||
| 005 | 20250822105142.0 | ||
| 008 | 250131b cb ||||| |||| 00| 0 eng d | ||
| 020 | _a0590469002 | ||
| 020 | _a9780859533065 | ||
| 040 |
_aFISKH _beng _cFISKH _dFISKH |
||
| 050 | _aPZ8.W848 Q | ||
| 082 | _a823.914 | ||
| 100 |
_aWood, Audrey _d(1948–) |
||
| 245 |
_aQuick as a cricket / _cby Audrey Wood ; illustrated by Don Wood |
||
| 250 | _aFirst printing in 1994 | ||
| 260 |
_aNew York : _bScholastic, _c1982. |
||
| 300 |
_a31 pages : _bcolor illustrations ; _c25 cm |
||
| 505 | _aE | ||
| 520 | _aA young boy describes himself as "loud as a lion," "quiet as a clam," "tough as a rhino," and "gentle as a lamb." | ||
| 521 | 8 |
_a240
_bLexile |
|
| 521 | 8 |
_aE
_bRaz-Plus |
|
| 650 |
_2All About Me _aFeelings |
||
| 650 |
_2Self-awareness _aBugs |
||
| 700 |
_aWood, Don _dillustrator |
||
| 942 |
_2ddc _cBK _n0 |
||
| 999 |
_c5893 _d5893 |
||